[Event "HCL-E1574"]
[Site "www.playchess.de"]
[Date "2006.03.13"]
[Round "17"]
[White "Jure"]
[Black "ippuli"]
[WhiteElo "1634"]
[BlackElo "1608"]
[PlyCount "63"]
[Result "1-0"]

1.e4 e5 {Hello! Good luck...}  2.Nf3 f5 3.Bc4 Nf6 
4.Nxe5 Nxe4 5.Qh5+ g6 6.Nxg6 Nf6 7.Qe2+ Be7 8.Nxh8 
d5 9.Bb5+ c6 10.Ba4 Kf8 11.d4 Kg8 12.O-O Kxh8 
13.Bg5 Nbd7 14.Nd2 b5 15.Bb3 a5 16.c3 b4 17.Rfe1 
Qg8 18.Qxe7 Qxg5 19.Nf3 Qg8 20.Ne5 a4 21.Bc2 Qf8 
22.Nxd7 Bxd7 23.Qxf8+ Rxf8 24.Bxa4 bxc3 25.bxc3 
Ne4 26.Rac1 Ra8 27.Bb3 Nd2 28.f3 Nxb3 29.axb3 f4 
30.Rca1 Rb8 31.b4 Rg8 32.Kf2 1-0

[Event "HCL-E1573"]
[Site "www.playchess.de"]
[Date "2006.03.13"]
[Round "16"]
[White "Hassell"]
[Black "ippuli"]
[WhiteElo "2197"]
[BlackElo "1608"]
[PlyCount "45"]
[Result "1-0"]

1.e4 {Hi, pleased to meet you.}  e5 {Thanks, you 
too! Good luck...}  2.Nf3 f5 3.Nxe5 Qf6 4.d4 d6 
5.Nc4 fxe4 6.Nc3 Qg6 7.f3 exf3 8.Qxf3 c6 9.Bd3 
Qe6+ 10.Kd2 Ne7 11.Re1 Qh6+ 12.Kd1 Qxh2 13.Ne4 h5 
14.Nexd6+ Kd8 15.Nf7+ Ke8 16.Ncd6+ Kd7 17.Bf5+ Kc7 
18.Ne8+ Kb6 19.Qb3+ Ka6 20.Bd2 b5 21.Qa3+ Kb7 
22.Nd8+ Kb6 {I see the mate.... :(}  
23.Qa5+ 1-0

[Event "HCL-E1569"]
[Site "www.playchess.de"]
[Date "2006.03.13"]
[Round "35"]
[White "carlosmadeira"]
[Black "Marius_sah"]
[WhiteElo "1556"]
[BlackElo "1596"]
[PlyCount "23"]
[Result "1-0"]

1.d4 d5 {Hi. Good luck!}  2.c4 {Hi for uoy 
too
}  c6 3.e3 Nf6 4.h3 Bf5 5.Nc3 e6 6.Qb3 Qc7 7.Nf3 
Nbd7 8.Bd2 Be7 9.Rc1 O-O 10.Be2 Rab8 11.Nh4 Ne4 
12.Nxf5 1-0

[Event "HCL-C4143"]
[Site "www.playchess.de"]
[Date "2006.03.13"]
[Round "6"]
[White "donsimon"]
[Black "djpnola"]
[WhiteElo "1071"]
[BlackElo "1109"]
[PlyCount "126"]
[Result "0-1"]

1.e4 e5 {Guten tag.}  2.Nf3 {Guten Tag. Do you 
speak German?}  Nc6 {Nein. I took two years of it 
in college, but that was more than 30 years ago.}  
3.d4 {do the papers in the US report about the 
struggle between the Arabic world and Europe over 
the Mohammed caricatures ?}  Nf6 {Oh, yes.}  
4.dxe5 {simply unbelievable what is going on. 
outrageous.}  Nxe4 5.Qd4 Nxd4 6.Nxd4 d6 7.exd6 
Qxd6 8.c3 Be6 9.Bb5+ c6 10.Bd3 Bd5 11.O-O Ng5 
12.Bxg5 Be7 13.Re1 f6 14.Nf5 Qc5 15.Nxg7+ Kf7 
16.Ne6 Bxe6 17.Be3 Qh5 18.Be2 Qg6 19.g3 Bg4 
20.Bc4+ Be6 21.Bxe6+ Kxe6 22.Bc5+ Kd7 23.Rxe7+ Kd8 
24.Rxb7 Re8 25.Nd2 Re2 26.Be3 Qc2 27.Nc4 Rc8 
28.Rxa7 Rb8 29.b3 Qxc3 30.Rd1+ Ke8 31.Bc5 Re1+ 
32.Rxe1+ Qxe1+ 33.Kg2 Qe4+ 34.Kg1 Rd8 35.Nd6+ Rxd6 
36.Bxd6 Kd8 37.Be7+ Kc8 38.Bxf6 c5 39.a4 Qb4 
40.Be5 Qxb3 41.Rc7+ Kd8 42.a5 Qd1+ 43.Kg2 Qd5+ 
44.Kg1 Qxe5 45.Rb7 Qa1+ 46.Kg2 Qxa5 47.Rxh7 Qa8+ 
48.f3 Qa2+ 49.Kh3 Qe6+ 50.g4 c4 51.f4 Qe3+ 52.Kh4 
Qxf4 53.h3 c3 54.Rh8+ Ke7 55.Rc8 Qf2+ 56.Kh5 c2 
57.Rc7+ Kd6 58.Rxc2 Qxc2 59.h4 Ke6 60.Kh6 Qc6 
61.g5 Kf5+ 62.Kg7 Qe8 63.Kh7 Qh5+ 0-1

[Event "HCL-E1557"]
[Site "www.playchess.de"]
[Date "2006.03.13"]
[Round "10"]
[White "Jure"]
[Black "Emerson"]
[WhiteElo "1635"]
[BlackElo "1844"]
[PlyCount "62"]
[Result "1/2-1/2"]

1.e4 e5 {:)}  2.Nf3 Qe7 3.Bc4 d6 4.O-O h6 5.c3 Nf6 
6.Re1 g5 7.d4 Bg7 8.Na3 O-O 9.Nc2 c6 10.Bb3 Bg4 
11.Qd3 a5 12.Ne3 Bd7 13.a4 Nh5 14.Nf5 Bxf5 15.exf5 
Qc7 16.Be3 Re8 17.dxe5 dxe5 18.Nd2 Rd8 19.Qc2 Nd7 
20.Nc4 b5 21.Na3 Rab8 22.Rad1 Nhf6 23.Qe2 bxa4 
24.Bxa4 Nd5 25.Bc1 Nc5 26.Bc2 f6 27.Nc4 a4 28.Ne3 
Nxe3 29.Qxe3 Bf8 30.Rxd8 Rxd8 31.Rd1 Rxd1+ 
{(offering draw)}  1/2-1/2

[Event "HCL-T260"]
[Site "www.playchess.de"]
[Date "2006.03.13"]
[Round "9"]
[White "luciano59"]
[Black "puddschini"]
[WhiteElo "2271"]
[BlackElo "2051"]
[PlyCount "47"]
[Result "1-0"]

1.e4 d6 2.d4 Nf6 3.Nc3 g6 4.f4 Bg7 5.Nf3 O-O 6.e5 
Nfd7 7.h4 Nb6 8.h5 Bg4 9.hxg6 fxg6 10.Be2 dxe5 
11.Ng5 Bf5 12.Nxh7 exd4 13.Nxf8 Kxf8 14.Bf3 Nc6 
15.Ne4 d3 16.c3 Nc4 17.g4 Bc8 18.Nf2 d2+ 19.Bxd2 
Nxb2 20.Qc2 Nc4 21.Rd1 Qd6 22.O-O Qf6 23.Ne4 Qh4 
24.Ng5 1-0

[Event "HCL-A2640"]
[Site "www.playchess.de"]
[Date "2006.03.13"]
[Round "13"]
[White "MimiSiku"]
[Black "dynamike"]
[WhiteElo "1462"]
[BlackElo "1374"]
[PlyCount "44"]
[Result "0-1"]

1.e4 {Servus! Dann lasst mal die Spiele beginnen!} 
 c5 {Jepp, morgen ist wieder Liga-Tag; mein 
letzter Einsatz in dieser Saison. Diesesmal wird 
es wieder nur ein 1400er sein. Da kann ich dann 
wieder einen Husarenritt abliefern :-)}  2.Nf3 
{Unterschätz mir die 1400er nicht! Ich hatte vor 
zwei Wochen nur ein Remis gegen so einen! Dabei 
hätte ich das Spiel sogar verlieren müssen, aber 
der Gegner hatte halt "nur" 1400 und sah den 
Gewinnweg nicht... :-)}  e6 {Der Typ gegen den ich 
heute gespielt habe war deutlich stärker und lag 
mit Sicherheit über 1600. Jedenfalls hatte er 
bereits einen mit 1776 geschlagen. Nach fast 5 
Stunden hatte ich ihn dann endlich. Leider hat das 
Team verloren. DWZ 1393 war wohl faky}  3.c3 
{Trotzdem Glückwunsch! Ich kenn die Situation, 
wenn man alles gewinnt, die Mannschaft aber 
regelmäßig untergeht - ist echt 
sch...!
Sag mal, wann habt Ihr eigentlich "Anstoß"?}  d5 
{Anpfiff: 9Uhr. Das war heute ein harter Brocken. 
Die Schnellanalysen hinterher. Habe heute wieder 
einen Husarenritt mit Läuferopfer hingelegt. Das 
war aber dieses Mal korrekt. Die Analysen 
hinterher (mit Leuten, die nicht drin stecken) 
bringen nichts.}  4.exd5 {Naja, kann man nicht so 
sagen: Ich habe die Saison festgestellt, daß ich 
auf den anderen Brettern manchmal mehr sehe als 
auf dem eigenen. Die sind dann immer ganz 
überrascht (auch stärkere Spieler), wenn ich ihnen 
Gewinnmöglichkeiten aufzeige... :-)}  exd5 {Also, 
ich habe festgestellt, daß der Compi hinterher die 
ganzen Varianten von den "Experten" widerlegt. Die 
Varianten, die ich selber gesehen und nicht 
gespielt habe (oder eben doch), sind oftmals 
stärker gewesen als das, was die so sehen.Heute 
war das so}  5.d4 {Das ist meistens so - ich bin 
eh was spezielles (sagen die anderen)!? 
;-)
Davon abgesehen hätte ich meine Schwierigkeiten, 
sonntags schon um 9 Uhr zu spielen. Das müsste ich 
ja 7/halb 8 aus den Federn!!!}  Nf6 {Ja, das ist 
nicht schön Sonntag morgens. 5,5 aus 8 lautet 
jetzt meine Bilanz. Damit bin ich der Beste in 
meiner Truppe *jubel*}  6.Bb5+ {Respekt! Ich liege 
momentan bei 4-3-0, als 5,5 aus 7! Ätsch!}  Nc6 
{Ja, das ist sehr gut ... aber nicht an Brett 1 
*Ätsch* :-) In der Liga bin ich der 
zweiterfolgreichste und den erfolgreichsten (den 
Hr. Munk 1801 habe ich geplättet). Guckst Du in 
die Tabelle unter Fasanenhof 2}  7.O-O {Hab schon 
gesehen. Ich sag das aber net grundlos: Ich bin 
DWZ-Wart unseres Spielkreises und hab mal für mich 
'ne Zwischenauswertung erstellt: Danach spiele ich 
eine Turnierleistung von 1806 - das sagt doch 
wirklich was aus, oder?}  Qb6 {Jo, super. Na, dann 
mußt Du ja hier auch gewinnen :-) Das hastde jetzt 
davon. Welche DWZ müßte ich denn bekommen ? Kannst 
Du das ermitteln ? Ich habe noch 2 Verlustpartien 
in der Bezirksliga gegen einen mit 1940 und einen 
DWZlosen.}  8.Qe2+ {Eins vorweg: Der DWZ-lose 
zählt net, außer er kriegt in diesem Turnier eine 
Zahl (dann zählt die, die er kriegt). Die anderen 
kannst Du auf +/- 10 ermitteln über die 
verschiedenen DWZ-Rechner, die im Netz angeboten 
werden, z.B. bei www.schachclub1957.de}  Be7 {Das 
geht leider nicht, wenn man noch keine DWZ hat !}  
9.Bg5 {Dann hast Du ein Problem... *gg*. Um Deine 
Zahl zu ermitteln, müsste ich das ganze Turnier 
erfassen! Sei mir nicht böse, aber das ist schon 
sehr aufwendig! Du müßtest Deine Zahl aber in 
spätestens 2 Wochen wissen, wenn Euer DWZ-Referent 
auf Zack ist!}  Be6 {Ok, schon gut. Allerdings 
werde ich sie nicht in 2 Wochen haben, da das 
Turnier ja noch eine Runde lang geht (es fehlt ja 
noch eine Liga-Partie, die erst in 2 Wochen 
gespielt wird). Danach muß ich dann noch warten 
bis alle anderen Ligen durch sind.}  10.Nbd2 {Die 
anderen Ligen mußt Du net abwarten. Es könnte 
höchstens sein (so mach ich es immer), daß Euer 
Referent die Klassen ab Kreisklasse abwärts 
zusammenfasst, um Arbeit zu sparen. Ab Bezirksliga 
ist normalerweise eh ein anderer zuständig.}  O-O 
{Ich dachte, weil ich doch in der Bezirksliga zum 
Einsatz gekommen bin, wird das gleich mit 
eingerechnet.}  11.Bxc6 {Das wird später 
verrechnet. Stell Dir doch mal vor: Die Turniere 
und Spieler sind doch alle irgendwie miteinander 
verflochten - einer aus Bezirksliga spielt 
womöglich auch Regionalliga und der aus der RL in 
der 2.BL usw. Da wird das ja nie was...}  Qxc6 {Na 
gut, wenn Du das sagst :-) Ich dachte, die Ligen 
sind alle im Mai vorbei und dann gibt es die 
Abrechnung.}  12.Ne5 {Kommt halt drauf an, wann 
die Ligen in Deinem Spiel(Land)-Kreis gespielt 
sind.}  Qc7 {Die dürften alle zur selben Zeit 
enden.}  13.dxc5 {Dann mußt Du leider warten. Aber 
probier doch mal bei den DWZ-Rechnern einen 
fiktiven Grundwert einzugeben. Wenn Deine 
PlayChess-Zahl ähnlich einzuschätzen ist wie 
meine, mußt Du runde 100 dazuzählen, um eine 
halbwegs vernünftige DWZ zu erhalten.}  Qxc5 {Och, 
dann warte ich lieber.}  14.Ndf3 {Ebend. Bist ja 
kein kleines Kind mehr! :-)}  Ne4 {Doch !! Haben 
wollen. Uähhh, Mama. 

Mann, lauter Springer hier. Verdammte 
Pferdezucht.}  15.Bxe7 {Davon werden's aber auch 
net weniger...}  Qxe7 {Das liegt doch nicht an mir 
! Tue doch was :-)}  16.Nd4 {Du spielst doch am 
1.Brett, net ich! :-)}  Qf6 {aber Du hast die 
Springviecher}  17.c4 {Im Moment sind es aber noch 
eher Ponys als Schlachtrösser... :-(}  Qxe5 {Egal, 
geschlachtet ist geschlachtet :-) So, nun muß ich 
aber zur Vereinsmeisterschaft gegen einen 
72jährigen Opa spielen :-) Je älter der wird um so 
besser spielt er.}  18.Nf3 {Oh, da hab ich wohl 
was übersehen... :-(}  Qh5 {Macht doch nichts. 
Besser hier als anderswo. Ich bin eben ein 
Turnierspieler :-)}  19.Rad1 {Stimmt! Morgen wäre 
mir sowas net so recht!}  Nf6 {Ich muß erst 
nächste Woche in der Bezirksliga wieder ran.}  
20.cxd5 {Morgen ist das vorletzte Spiel. Danach 
nur noch gegen den designierten Absteiger! Könnte 
sein, daß wir da ein 4:4 schieben - ist ein 
Auswärtsspiel und wahrscheinlich hat keiner Bock, 
in den Spessart zu fahren...}  Bxd5 {Wie ist es 
ausgegangen ?}  21.Nd4 {Weiß ich noch net - eine 
Partie lief noch, als ich weg mußte. Da stand es 
4:3. Ich hatte ein Remis gegen einen nominell 
stärkeren Gegner: Mehrbauer mit ungleichfarbigen 
Läufern...}  Qxe2 {Ich muß am kommenden Sonntag 
und übernächsten Sonntag ran. Zuerst in der 
Bezirksliga und dann in der A-Klasse.}  22.Nxe2 
{Ich dachte, Ihr seid fertig?}  Bxa2 {Nein, erst 
Ende März in 2 oder 3 Wochen. Nur ich wollte 
eigentlich nicht mehr in dieser Saison spielen. 
Nun spiele ich aber sogar noch 2mal. Das Leben ist 
hart :-)}  0-1

[Event "ACL-T172"]
[Site "www.playchess.de"]
[Date "2006.03.13"]
[Round "1"]
[White "lostpawn2000"]
[Black "reddog"]
[WhiteElo "1270"]
[BlackElo "1141"]
[PlyCount "42"]
[Result "0-1"]

1.d4 Nf6 2.Bg5 Ne4 3.h4 Nxg5 4.hxg5 c5 5.Nf3 Qb6 
6.b3 cxd4 7.Nxd4 e5 8.Nf3 e4 9.Nd4 Nc6 10.e3 Qa5+ 
11.Nd2 Be7 12.Be2 Nxd4 13.exd4 O-O 14.f4 Bb4 15.a3 
Bc3 16.b4 Qc7 17.Kf1 Qxf4+ 18.Ke1 e3 19.Qb1 exd2+ 
20.Kd1 Qf2 21.Ra2 Qe1+ 0-1

[Event "HCL-E1587"]
[Site "www.playchess.de"]
[Date "2006.03.13"]
[Round "3"]
[White "Mr_Bill"]
[Black "TheGreatGatsby"]
[WhiteElo "1646"]
[BlackElo "2001"]
[PlyCount "51"]
[Result "1-0"]

1.d4 d5 2.Nf3 Nf6 3.Bg5 e6 4.e3 Be7 5.Nc3 O-O 
6.Be2 Nbd7 7.O-O c6 8.Bd3 Re8 9.Ne5 h6 10.Bh4 Nxe5 
11.dxe5 Nd7 12.Bxe7 Qxe7 13.f4 c5 14.Nb5 c4 15.Be2 
Qc5 16.Nd4 a6 17.Rf3 b5 18.Rg3 Bb7 19.Bh5 Rac8 
20.Bxf7+ Kxf7 21.Qg4 Qf8 22.Qg6+ Ke7 23.Qh7 Kd8 
24.Rxg7 Nb6 25.Rxb7 Re7 26.Qg6 1-0

[Event "HCL-E1603"]
[Site "www.playchess.de"]
[Date "2006.03.13"]
[Round "10"]
[White "Widukind"]
[Black "badplayer"]
[WhiteElo "1894"]
[BlackElo "1579"]
[PlyCount "21"]
[Result "1-0"]

1.c3 {Hi badplayer, welcome to this tournament. 
Good luck and greetings from Germany...}  e5 
{greetings to you from Delhi India. Have a nice 
and interesting game}  2.e4 Nf6 3.f4 d6 4.fxe5 
dxe5 5.Nf3 Bd6 6.Bc4 h6 7.d4 Bg4 8.dxe5 
{oh...thanks...!}  Bxf3 9.gxf3 Bxe5 10.Qxd8+ Kxd8 
11.f4 1-0

[Event "HCL-M859"]
[Site "www.playchess.de"]
[Date "2006.03.13"]
[Round "5"]
[White "chessnuts"]
[Black "UVI"]
[WhiteElo "1951"]
[BlackElo "1985"]
[PlyCount "89"]
[Result "1/2-1/2"]

1.d4 d5 2.c4 c6 3.Nc3 Nf6 4.e3 e6 5.b3 Bb4 6.Bd2 
O-O 7.Nf3 c5 8.dxc5 dxc4 9.Bxc4 Bxc5 10.O-O Nc6 
11.a3 a6 12.b4 Bd6 13.e4 Ne5 14.Be2 Nxf3+ 15.Bxf3 
Be5 16.Rc1 Bd7 17.Be3 Bc6 18.Qc2 Qc7 19.g3 Rfd8 
20.Na4 Bd4 21.Bxd4 Rxd4 22.Nc5 Qe5 23.Qb2 Rxe4 
24.Qxe5 Rxe5 25.Bxc6 bxc6 26.Nb3 Rd5 27.Rxc6 Rd3 
28.Rfc1 g6 29.R6c3 Rad8 30.Nc5 Rxc3 31.Rxc3 Rd1+ 
32.Kg2 Nd5 33.Rd3 Rxd3 34.Nxd3 Kg7 35.Nc5 Nc7 
36.Kf3 g5 37.Ke3 Kf6 38.Ke4 h6 39.h4 {(offering 
draw)}  gxh4 {slightly later}  40.gxh4 Ke7 41.a4 
Nd5 42.Nxa6 Nc3+ 43.Kd4 Nxa4 44.b5 Kd6 45.f4 
{(offering draw) I still think this is a draw} 
 1/2-1/2

[Event "HCL-B3892"]
[Site "www.playchess.de"]
[Date "2006.03.13"]
[Round "5"]
[White "arsenius"]
[Black "Corak"]
[WhiteElo "871"]
[BlackElo "789"]
[PlyCount "42"]
[Result "0-1"]

1.e4 e6 2.d4 Qh4 3.Nf3 Bb4+ 4.c3 Bxc3+ 5.Nxc3 Qh5 
6.Be2 b6 7.Ne5 Qh4 8.O-O Ba6 9.Bxa6 Nh6 10.Bxh6 
gxh6 11.Be2 Rg8 12.Bf3 Rg5 13.Ne2 Rxg2+ 14.Bxg2 
Nc6 15.Nxc6 dxc6 16.Ng3 Ke7 17.Qh5 Qf6 18.e5 Qg7 
19.Qh4+ f6 20.Ne4 Rg8 21.Nxf6 Qxg2+ 0-1

[Event "HCL-A2615"]
[Site "www.playchess.de"]
[Date "2006.03.13"]
[Round "4"]
[White "SMLooking"]
[Black "stevetilbury"]
[WhiteElo "1479"]
[BlackElo "1640"]
[PlyCount "62"]
[Result "0-1"]

1.d4 e6 2.c4 Nf6 3.Nc3 c5 4.d5 exd5 5.cxd5 d6 
6.Bg5 h6 7.Bh4 g5 8.Bg3 Nh5 9.e4 Nxg3 10.fxg3 Bg7 
11.Nf3 Bg4 12.h3 Bd7 13.Bd3 a6 14.a4 O-O 15.O-O 
Qc7 16.Bc4 f5 17.exf5 Bxf5 18.g4 Bg6 19.Rc1 Nd7 
20.Bd3 Bxd3 21.Qxd3 Ne5 22.Nxe5 Bxe5 23.Qg6+ Qg7 
24.Qe6+ Kh8 25.Ne4 Rae8 26.Rxf8+ Rxf8 27.Nxd6 Bxb2 
28.Rf1 Bd4+ 29.Kh1 Rxf1+ 30.Kh2 Qe5+ 31.Qxe5+ 
Bxe5+ 0-1

[Event "HCL-T260"]
[Site "www.playchess.de"]
[Date "2006.03.13"]
[Round "1"]
[White "Cramneck"]
[Black "pruliere"]
[WhiteElo "1924"]
[BlackElo "1840"]
[PlyCount "51"]
[Result "1-0"]

1.e4 d6 2.d4 Nf6 3.Nc3 g6 4.f4 Bg7 5.Nf3 {Hi. Good 
to meet you.}  c5 {hello..have a good game}  
6.Bb5+ Bd7 7.e5 Ng4 8.e6 fxe6 9.Ng5 Bxb5 10.Nxe6 
Bxd4 {Hello Cramneck, did you study "Pirc Alert"?} 
 11.Nxb5 {No I haven't got that book but I have 
others.}  Qa5+ 12.Qd2 Bf2+ 13.Kd1 Ne3+ 14.Ke2 
Qxb5+ 15.Kxf2 Ng4+ 16.Kg3 Qd7 17.Re1 Nh6 18.Kf2 
Nc6 19.Kg1 Nd8 20.Qc3 Nhf7 21.Ng7+ Kf8 22.f5 gxf5 
23.Bh6 e5 24.Nxf5+ Nxh6 25.Nxh6 Ke8 
26.Rxe5+ 1-0

[Event "HCL-M835"]
[Site "www.playchess.de"]
[Date "2006.03.13"]
[Round "18"]
[White "R_I_C_H"]
[Black "Schirrmeister"]
[WhiteElo "1663"]
[BlackElo "1816"]
[PlyCount "79"]
[Result "1-0"]

1.e4 {Hello and Good Luck!}  e5 {Hello from 
Germany. Good luck to you too}  2.Nf3 Nc6 3.Bb5 a6 
4.Ba4 Nf6 5.O-O b5 6.Bb3 Be7 7.Re1 O-O 8.c3 d5 
9.exd5 Nxd5 10.Nxe5 Nxe5 11.Rxe5 c6 12.d4 Bd6 
13.Re1 Qh4 14.g3 Qh3 15.Be3 Bg4 16.Qd3 Rae8 17.Nd2 
Re6 18.a4 f5 19.axb5 {sorry to keep you waiting so 
long! i decided to stick with my book move. Anand 
- Kamsky 94.}  f4 {No problem. I've also very 
limited time for chess at the moment.}  20.Bxf4 
Bxf4 21.bxc6 Bxd2 22.Bxd5 {Merry Christmas!}  Bxe1 
{Merry Christmas to you too, a litle belated. And 
a happy new year}  23.Rxe1 Rxf2 24.Bxe6+ {Happy 
New Year!}  Bxe6 {Happy New Year too}  25.Kxf2 
Qxh2+ 26.Ke3 Qh6+ 27.Kf3 Qh5+ 28.Kg2 Bd5+ 29.Kg1 
Qh1+ {(offering draw)}  30.Kf2 {I think my King 
can escape now.}  Qg2+ {It was only a try :-). You 
are right.}  31.Ke3 {I played the Marshall as 
black at my chess club last night, and won :)}  
Qxg3+ {Thee Marshall is a dangerous weapon against 
someone whe dosn't know it. But it could be 
dangerous for black if the opponent is sufficient 
prepared (see this game :-) ).}  32.Kd2 Qb8 33.b4 
Qc8 34.b5 axb5 35.Qxb5 Qxc6 36.Qxc6 Bxc6 37.c4 h5 
38.d5 Bd7 39.c5 h4 40.c6 1-0

[Event "HCL-A2556"]
[Site "www.playchess.de"]
[Date "2006.03.13"]
[Round "8"]
[White "Serger"]
[Black "Whiterock"]
[WhiteElo "1355"]
[BlackElo "1472"]
[PlyCount "66"]
[Result "0-1"]

1.e4 e5 {&#1055;&#1088;&#1080;&#1074;&#1077;&#1090;&#1089;&#1090;&#1074;&#1091;&#1102;!} 
 2.Nf3 {&#1055;&#1088;&#1080;&#1074;&#1077;&#1090;! 
&#1047;&#1085;&#1072;&#1077;&#1096;&#1100; 
&#1088;&#1091;&#1089;&#1089;&#1082;&#1080;&#1081;?} 
 Nc6 {&#1044;&#1072;, &#1103; &#1088;&#1091;&#1089;&#1089;&#1082;&#1080;&#1081;, 
&#1087;&#1088;&#1086;&#1089;&#1090;&#1086; 
&#1078;&#1080;&#1074;&#1091; &#1074; 
&#1050;&#1072;&#1085;&#1072;&#1076;&#1077;.}  
3.Bb5 {&#1056;&#1072;&#1073;&#1086;&#1090;&#1072;? 
&#1048;&#1083;&#1080; &#1085;&#1072;&#1074;&#1089;&#1077;&#1075;&#1076;&#1072; 
&#1091;&#1077;&#1093;&#1072;&#1083;?}  a6 
{&#1059;&#1077;&#1093;&#1072;&#1083; 
&#1078;&#1080;&#1090;&#1100;, &#1085;&#1086; 
&#1082;&#1072;&#1082; &#1088;&#1072;&#1079; 
&#1080;&#1079;-&#1079;&#1072; &#1088;&#1072;&#1073;&#1086;&#1090;&#1099; 
- &#1087;&#1086;&#1076;&#1074;&#1077;&#1088;&#1085;&#1091} 
 4.Ba4 {&#1059; &#1084;&#1077;&#1085;&#1103; 2 
&#1086;&#1076;&#1085;&#1086;&#1082;&#1072;&#1096;&#1085;&#1080;&#1082;&#1072; 
&#1074; &#1050;&#1072;&#1085;&#1072;&#1076;&#1077;.} 
 d6 {&#1058;&#1099; &#1074; &#1082;&#1072;&#1082;&#1086;&#1084; 
&#1075;&#1086;&#1088;&#1086;&#1076;&#1077; 
&#1078;&#1080;&#1074;&#1077;&#1096;&#1100;?}  5.c3 
{&#1042; &#1059;&#1092;&#1077;. &#1040; 
&#1090;&#1099;?}  Be7 {Calgary, 
&#1088;&#1072;&#1085;&#1100;&#1096;&#1077; - 
&#1074; &#1040;&#1083;&#1084;&#1072;-&#1040;&#1090;&#1077;} 
 6.d4 {&#1050;&#1083;&#1072;&#1089;&#1089;&#1085;&#1086;. 
&#1058;&#1099; &#1085;&#1077; &#1079;&#1085;&#1072;&#1077;&#1096;&#1100; 
&#1082;&#1072;&#1082; &#1079;&#1076;&#1077;&#1089;&#1100; 
&#1076;&#1086;&#1089;&#1082;&#1091; 
&#1087;&#1077;&#1088;&#1077;&#1074;&#}  b5 
{&#1053;&#1077;&#1090;}  7.Bc2 
{&#1046;&#1072;&#1083;&#1082;&#1086;}  Nf6 
{&#1056;&#1072;&#1089;&#1089;&#1090;&#1072;&#1074;&#1100; 
&#1085;&#1072; &#1086;&#1073;&#1099;&#1095;&#1085;&#1086;&#1081; 
&#1076;&#1086;&#1089;&#1082;&#1077; :)}  8.O-O 
{&#1048;&#1085;&#1086;&#1075;&#1076;&#1072; 
&#1103; &#1090;&#1072;&#1082; &#1080; 
&#1076;&#1077;&#1083;&#1072;&#1102;.&#1053;&#1077; 
&#1074;&#1089;&#1077;&#1075;&#1076;&#1072; 
&#1077;&#1089;&#1090;&#1100; &#1074;&#1088;&#1077;&#1084;&#1103;.} 
 O-O 9.h3 Bb7 10.Re1 Re8 11.Nbd2 Bf8 12.Nb3 exd4 
13.cxd4 Nb4 14.Bg5 Nxc2 15.Qxc2 h6 16.Bxf6 Qxf6 
17.d5 Rac8 18.Rac1 c6 19.dxc6 Bxc6 20.Qd2 Bb7 
21.Rxc8 Bxc8 22.Nbd4 Bb7 23.Qd3 Qf4 24.Ne2 Qxe4 
25.Qxe4 Rxe4 26.Nc3 Rxe1+ 27.Nxe1 f5 28.Nd3 g5 
29.Nb4 Bg7 30.Kf1 Kf7 31.Nbd5 Ke6 32.Ne3 d5 33.Nc2 
d4 0-1

[Event "HCL-E1600"]
[Site "www.playchess.de"]
[Date "2006.03.13"]
[Round "9"]
[White "jmcerna"]
[Black "pawnstorm"]
[WhiteElo "1530"]
[BlackElo "1536"]
[PlyCount "25"]
[Result "1-0"]

1.e4 d5 2.exd5 Qxd5 3.Nc3 Qa5 4.Bc4 c6 5.d4 Nf6 
6.Nf3 Bg4 7.h3 Bh5 8.O-O e6 9.Re1 Be7 10.Re5 Qc7 
11.Bf4 Bd6 12.Qe2 Nbd7 13.Rxe6+ 1-0

[Event "HCL-E1569"]
[Site "www.playchess.de"]
[Date "2006.03.13"]
[Round "19"]
[White "BohdanL"]
[Black "Marius_sah"]
[WhiteElo "1532"]
[BlackElo "1596"]
[PlyCount "25"]
[Result "1-0"]

1.c4 {hi again, have a nice game}  e5 {Hi. Good 
luck! Nice to meet you again. GG.}  2.g3 {thanks}  
c6 3.Bg2 d5 4.cxd5 cxd5 5.d3 Bb4+ 6.Bd2 Bxd2+ 
7.Qxd2 Nf6 8.Qg5 O-O 9.Qxe5 Nc6 10.Qc3 d4 11.Qc2 
Bd7 12.Nf3 Qa5+ 13.Nbd2 1-0